| 000 | 00798nam a2200265 a 4500 | ||
|---|---|---|---|
| 001 | 19076 | ||
| 003 | BD-RjUL | ||
| 005 | 20211209000400.0 | ||
| 008 | 140223r19731968enk b 001 1 eng d | ||
| 035 |
_a68-16112 _a(BD-RjUL)19134 |
||
| 035 | _a(OCoLC)463950 | ||
| 040 |
_aDLC _cDLC _dm.c _dEQO _dBD-RjUL _beng |
||
| 041 | _aeng | ||
| 082 |
_a822.33 _bSHA 1973 |
||
| 245 | 0 | 0 |
_aShakespeare, The Winter's Tale : _ba casebook / _cediited by Kenneth Muir. |
| 260 |
_aLondon : _bMacmillan, _cc1968 [reprinted 1973] |
||
| 300 |
_a243 p. : _c21 cm |
||
| 504 | _aIncludes bibliographical references | ||
| 600 | 1 | 0 |
_aShakespeare, William, _d1564-1616. _958817 |
| 700 | 1 |
_aMuir, Kenneth _958807 |
|
| 830 | 0 |
_aCasebook series _958818 |
|
| 942 |
_2ddc _cBK |
||
| 999 |
_c19076 _d19076 |
||